000 00594nam a2200229 a 4500
001 000027662
003 DO-SdBNP
005 20240316073904.0
007 ta
008 110404s1962 dr 000 0 spa d
040 _aDO-SdBNP
_bspa
_cBNPHU
082 _axxxx
_bV443i
100 1 _aVeloz Maggiolo, Marcio,
_d1936-2021
_91104
245 1 0 _aIntus /
_cMarcio Veloz Maggiolo.
260 _aSanto Domingo :
_bArquero,
_c1962.
300 _a51 P. ;
_c22 cm.
490 1 _aArquero ;
590 _aInventariado, 2022/ YL
830 0 _aArquero
_922890
910 _aYLockward
942 _2ddc
_cLBS1
999 _c27154
_d27154